000 00561nam a2200193Ia 4500
003 GCL
008 140319s9999 xx 000 0 ara d
040 _aGCL /
_cGCL
082 0 4 _a922.1
_bظ ت
100 1 _aمحمد كرد على
245 1 0 _aتاريخ حكماء الاسلام /
_cمحمد كرد على
700 1 _aظهير الدين البهيقى
260 _a[S.N] :
_bمجمع اللغة العربية ،
_c1988
300 _a204 ص
490 _a
650 0 4 _aالاسلام
650 0 4 _aالملوك والحكام
942 _2ddc
_cBK
999 _c31384
_d31384